What determines money demand: evidence from MENA

Teórie dopytu po peniazoch: kvantitatívna teória, teória preferencie likvidity, portfóliové teórie, transakčné teórie. Výskum o faktoroch vplyvu dopytu po peniazoch v MENA (Middle East and North America) krajinách. Význam inflácie, výmenného kurzu a výšky príjmov na dopyt po peniazoch.

Saved in:
Bibliographic Details
Main Author: Farazmand, Hassan
Other Authors: Ansari, Majid Sheikh, Moradi, Mahvash
Format: Book Chapter
Language:English
Subjects:
Tags: Add Tag
No Tags, Be the first to tag this record!

MARC

LEADER 00000naa a2200000 4500
001 0220101
005 20230918100245.9
041 0 |a eng 
044 |a SK 
245 1 0 |a What determines money demand: evidence from MENA  |c Hassan Farazmand, Majid Sheikh Ansari, Mahvash Moradi 
520 |a Teórie dopytu po peniazoch: kvantitatívna teória, teória preferencie likvidity, portfóliové teórie, transakčné teórie. Výskum o faktoroch vplyvu dopytu po peniazoch v MENA (Middle East and North America) krajinách. Význam inflácie, výmenného kurzu a výšky príjmov na dopyt po peniazoch. 
610 2 0 |a dopyt 
610 2 0 |a peniaze 
610 2 0 |a inflácia 
610 2 0 |a teória peňažná 
610 2 0 |a MENA 
100 1 |a Farazmand, Hassan 
700 1 |a Ansari, Majid Sheikh 
700 1 |a Moradi, Mahvash